[Event "WCO 2016"]
[Site "?"]
[Date "2016.09.13"]
[Round "11"]
[Board "5"]
[WhiteID "12312754"]
[White "Joshi Sindira"]
[BlackID "15900320"]
[Black "Caton Stacey"]
[Result "1-0"]
[BlackElo "1605"]
[WhiteElo "1574"]
[LiveChessVersion "1.4.8"]

1. e4 {[%clk 1:30:57]} d6 {[%clk 1:30:54]} 2. d4 {[%clk 1:31:21]} Nf6
{[%clk 1:31:12]} 3. Nc3 {[%clk 1:31:42]} g6 {[%clk 1:31:35]} 4. Nf3
{[%clk 1:32:07]} Bg7 {[%clk 1:31:46]} 5. h3 {[%clk 1:32:27]} O-O {[%clk 1:31:43]}
6. Be3 {[%clk 1:32:49]} Nbd7 {[%clk 1:31:46]} 7. Bc4 {[%clk 1:28:42]} e5
{[%clk 1:23:56]} 8. dxe5 {[%clk 1:27:45]} dxe5 {[%clk 1:14:15]} 9. Qd2
{[%clk 1:24:05]} c6 {[%clk 1:04:49]} 10. a4 {[%clk 1:22:43]} Qe7 {[%clk 1:01:17]}
11. O-O {[%clk 1:13:18]} Nc5 {[%clk 0:46:36]} 12. Bd3 {[%clk 0:58:15]} Be6
{[%clk 0:43:43]} 13. Bh6 {[%clk 0:47:50]} Rfd8 {[%clk 0:30:27]} 14. Bxg7
{[%clk 0:44:40]} Kxg7 {[%clk 0:30:51]} 15. Qe3 {[%clk 0:44:01]} Nxd3
{[%clk 0:25:49]} 16. cxd3 {[%clk 0:44:17]} Qc7 {[%clk 0:22:03]} 17. Rad1
{[%clk 0:37:30]} Bb3 {[%clk 0:17:32]} 18. Rd2 {[%clk 0:35:21]} Re8
{[%clk 0:16:00]} 19. d4 {[%clk 0:32:45]} exd4 {[%clk 0:14:39]} 20. Nxd4
{[%clk 0:33:01]} Be6 {[%clk 0:13:37]} 21. f4 {[%clk 0:30:56]} Nh5
{[%clk 0:09:47]} 22. e5 {[%clk 0:22:52]} Qb6 {[%clk 0:06:56]} 23. g4
{[%clk 0:21:40]} Nf6 {[%clk 0:04:15]} 24. Nxe6+ {[%clk 0:20:38]} Rxe6
{[%clk 0:03:58]} 25. Qxb6 {[%clk 0:21:02]} axb6 {[%clk 0:04:12]} 26. exf6+
{[%clk 0:21:26]} Rxf6 {[%clk 0:04:08]} 27. Rd7 {[%clk 0:20:37]} Ra7
{[%clk 0:03:31]} 28. f5 {[%clk 0:18:56]} gxf5 {[%clk 0:02:27]} 29. g5
{[%clk 0:17:20]} Re6 {[%clk 0:00:53]} 30. Rxf5 {[%clk 0:17:27]} Re1+
{[%clk 0:00:42]} 31. Kf2 {[%clk 0:17:33]} 1-0

[Event "WCO 2016"]
[Site "?"]
[Date "2016.09.13"]
[Round "11"]
[Board "6"]
[WhiteID "7500114"]
[White "Diaz Maria M.A."]
[BlackID "12301329"]
[Black "Adhikari Ashmita"]
[Result "1-0"]
[BlackElo "1632"]
[WhiteElo "1928"]
[LiveChessVersion "1.4.8"]

1. d4 {[%clk 1:30:55]} d5 {[%clk 1:30:51]} 2. c4 {[%clk 1:31:19]} c6
{[%clk 1:31:04]} 3. Nc3 {[%clk 1:31:44]} e6 {[%clk 1:31:16]} 4. Nf3
{[%clk 1:31:33]} Nd7 {[%clk 1:31:04]} 5. Bg5 {[%clk 1:31:51]} Ngf6
{[%clk 1:30:26]} 6. cxd5 {[%clk 1:30:03]} cxd5 {[%clk 1:29:00]} 7. e3
{[%clk 1:25:10]} Be7 {[%clk 1:28:31]} 8. Bd3 {[%clk 1:25:02]} O-O
{[%clk 1:28:24]} 9. O-O {[%clk 1:25:28]} Ne8 {[%clk 1:22:41]} 10. Bxe7
{[%clk 1:19:04]} Qxe7 {[%clk 1:23:00]} 11. Qc2 {[%clk 1:19:28]} f5
{[%clk 1:21:24]} 12. Nb5 {[%clk 1:16:11]} Nef6 {[%clk 1:15:25]} 13. Qc7
{[%clk 1:10:58]} a6 {[%clk 1:10:53]} 14. Nd6 {[%clk 1:07:57]} b5 {[%clk 1:07:00]}
15. Ne5 {[%clk 1:02:09]} Qd8 {[%clk 1:04:27]} 16. Qxd8 {[%clk 0:52:06]} Rxd8
{[%clk 1:04:24]} 17. Nc6 {[%clk 0:52:30]} Rf8 {[%clk 0:58:31]} 18. Ne7+
{[%clk 0:49:33]} Kh8 {[%clk 0:58:26]} 19. Rac1 {[%clk 0:49:56]} Nb6
{[%clk 0:56:49]} 20. Rc6 {[%clk 0:50:13]} Rb8 {[%clk 0:53:36]} 21. Ndxc8
{[%clk 0:47:19]} Nxc8 {[%clk 0:53:35]} 22. Nxc8 {[%clk 0:47:32]} Rbxc8
{[%clk 0:53:11]} 23. Rxe6 {[%clk 0:47:57]} Ne4 {[%clk 0:50:48]} 24. Rxa6
{[%clk 0:46:31]} Rb8 {[%clk 0:49:49]} 25. Re6 {[%clk 0:44:30]} b4
{[%clk 0:45:43]} 26. Bxe4 {[%clk 0:42:51]} dxe4 {[%clk 0:45:35]} 27. Rc1
{[%clk 0:42:42]} Ra8 {[%clk 0:45:28]} 28. Rb6 {[%clk 0:42:17]} Rxa2
{[%clk 0:45:02]} 29. Rxb4 {[%clk 0:42:31]} h6 {[%clk 0:44:27]} 30. Kf1
{[%clk 0:42:41]} Raa8 {[%clk 0:44:17]} 31. Rc5 {[%clk 0:42:51]} Ra1+
{[%clk 0:43:58]} 32. Ke2 {[%clk 0:43:14]} Rfa8 {[%clk 0:44:02]} 33. Rxf5
{[%clk 0:43:22]} Rc1 {[%clk 0:44:09]} 34. Rc5 {[%clk 0:43:32]} Rg1
{[%clk 0:40:10]} 35. d5 {[%clk 0:39:31]} Rxg2 {[%clk 0:39:58]} 36. Rxe4
{[%clk 0:39:40]} Rf8 {[%clk 0:39:52]} 37. Rf4 {[%clk 0:39:48]} Rb8
{[%clk 0:38:56]} 38. d6 {[%clk 0:37:15]} Rxb2+ {[%clk 0:37:33]} 39. Kf1
{[%clk 0:37:33]} Rxh2 {[%clk 0:37:30]} 40. Kg1 {[%clk 1:06:46]} Rh3
{[%clk 1:06:45]} 41. d7 {[%clk 1:07:02]} Rb1+ {[%clk 1:07:05]} 42. Kg2
{[%clk 1:07:22]} 1-0

[Event "WCO 2016"]
[Site "?"]
[Date "2016.09.13"]
[Round "11"]
[Board "7"]
[WhiteID "12300080"]
[White "Khamboo Monalisa"]
[BlackID "15900053"]
[Black "Arbona Avila Zaily M."]
[Result "0-1"]
[BlackElo "1535"]
[WhiteElo "1740"]
[LiveChessVersion "1.4.8"]

1. d4 Nf6 {[%clk 1:30:47]} 2. c4 {[%clk 1:31:16]} g6 {[%clk 1:31:07]} 3. Nf3
{[%clk 1:31:40]} Bg7 {[%clk 1:31:16]} 4. e3 {[%clk 1:30:50]} d6 {[%clk 1:31:29]}
5. Nc3 {[%clk 1:30:59]} O-O {[%clk 1:31:34]} 6. Be2 {[%clk 1:31:05]} Nbd7
{[%clk 1:29:59]} 7. O-O {[%clk 1:31:27]} e5 {[%clk 1:27:32]} 8. dxe5
{[%clk 1:31:32]} dxe5 {[%clk 1:27:15]} 9. e4 {[%clk 1:31:25]} c6 {[%clk 1:19:39]}
10. Be3 {[%clk 1:26:48]} Ng4 {[%clk 1:15:02]} 11. Bg5 {[%clk 1:24:47]} Qc7
{[%clk 1:09:52]} 12. h3 {[%clk 1:23:48]} Ngf6 {[%clk 1:10:11]} 13. Rc1
{[%clk 1:20:16]} Nc5 {[%clk 1:05:50]} 14. Qc2 {[%clk 1:20:03]} Ne6 15. Be3
{[%clk 1:13:26]} Nh5 16. Rfd1 Nhf4 {[%clk 0:43:45]} 17. Bf1 {[%clk 1:12:11]} Bd7
{[%clk 0:41:51]} 18. Rd2 {[%clk 1:01:30]} Rad8 {[%clk 0:41:33]} 19. Rcd1
{[%clk 0:53:58]} Bc8 {[%clk 0:36:13]} 20. Na4 {[%clk 0:48:15]} Rxd2
{[%clk 0:34:22]} 21. Rxd2 {[%clk 0:48:27]} c5 {[%clk 0:34:41]} 22. Nc3
{[%clk 0:47:06]} Nd4 {[%clk 0:32:48]} 23. Qd1 {[%clk 0:44:50]} a6
{[%clk 0:26:29]} 24. Nd5 {[%clk 0:43:09]} Qd6 {[%clk 0:24:14]} 25. Nxf4
{[%clk 0:34:18]} exf4 {[%clk 0:22:47]} 26. Bxd4 {[%clk 0:34:02]} cxd4
{[%clk 0:22:00]} 27. Nxd4 {[%clk 0:34:18]} Qe7 {[%clk 0:17:24]} 28. f3
{[%clk 0:20:19]} Rd8 {[%clk 0:14:58]} 29. Kh1 {[%clk 0:18:12]} Qb4
{[%clk 0:13:10]} 30. a3 {[%clk 0:10:42]} Qb6 {[%clk 0:12:16]} 31. Ne2
{[%clk 0:04:16]} Rxd2 {[%clk 0:12:18]} 32. Qxd2 {[%clk 0:04:38]} Bxb2
{[%clk 0:11:39]} 33. Qb4 {[%clk 0:03:28]} Qxb4 {[%clk 0:09:36]} 34. axb4
{[%clk 0:03:55]} Be5 {[%clk 0:09:32]} 35. Nc1 {[%clk 0:03:47]} f5
{[%clk 0:06:42]} 36. exf5 {[%clk 0:03:09]} Bxf5 {[%clk 0:06:48]} 37. Bd3
{[%clk 0:03:36]} Bd7 {[%clk 0:03:47]} 38. Kg1 {[%clk 0:03:36]} Kg7
{[%clk 0:04:06]} 39. Kf1 {[%clk 0:01:25]} Kf6 {[%clk 0:02:05]} 40. Nb3
{[%clk 0:31:20]} b6 {[%clk 0:31:32]} 41. b5 {[%clk 0:22:01]} a5 {[%clk 0:30:27]}
42. c5 {[%clk 0:21:06]} a4 {[%clk 0:26:15]} 43. c6 {[%clk 0:19:31]} Be6
{[%clk 0:23:54]} 44. Nd2 {[%clk 0:18:04]} Ke7 {[%clk 0:22:33]} 45. Ke2
{[%clk 0:17:20]} a3 {[%clk 0:20:24]} 46. Nc4 {[%clk 0:16:34]} a2 {[%clk 0:17:51]}
0-1

[Event "WCO 2016"]
[Site "?"]
[Date "2016.09.13"]
[Round "11"]
[Board "8"]
[WhiteID "15900177"]
[White "Jacobs Annelaine"]
[BlackID "12311987"]
[Black "Lohani Sujana"]
[Result "0-1"]
[BlackElo "1488"]
[WhiteElo "1679"]
[LiveChessVersion "1.4.8"]

1. e4 {[%clk 1:30:49]} d6 {[%clk 1:30:56]} 2. d4 {[%clk 1:31:15]} Nf6
{[%clk 1:31:20]} 3. Nc3 {[%clk 1:31:39]} g6 {[%clk 1:31:37]} 4. Be3
{[%clk 1:31:55]} Bg7 {[%clk 1:31:45]} 5. Be2 {[%clk 1:26:57]} O-O
{[%clk 1:31:57]} 6. h3 {[%clk 1:21:55]} Nbd7 {[%clk 1:31:56]} 7. Nf3
{[%clk 1:20:48]} c5 {[%clk 1:31:59]} 8. O-O {[%clk 1:13:43]} a6 {[%clk 1:30:40]}
9. dxc5 {[%clk 1:07:05]} Nxc5 {[%clk 1:30:57]} 10. e5 {[%clk 1:05:08]} Nfe4
{[%clk 1:30:50]} 11. exd6 {[%clk 0:55:25]} Nxc3 {[%clk 1:30:49]} 12. bxc3
{[%clk 0:53:39]} Ne4 {[%clk 1:29:21]} 13. dxe7 {[%clk 0:50:30]} Qxe7
{[%clk 1:27:43]} 14. Nd4 {[%clk 0:46:48]} Nxc3 {[%clk 1:27:32]} 15. Qd2
{[%clk 0:34:15]} Bxd4 {[%clk 1:27:35]} 16. Bxd4 {[%clk 0:30:22]} Nxe2+
{[%clk 1:27:57]} 17. Kh1 {[%clk 0:29:57]} Nxd4 {[%clk 1:28:21]} 18. Qxd4
{[%clk 0:30:10]} Bf5 {[%clk 1:27:43]} 19. Rfe1 {[%clk 0:23:36]} Qd7
{[%clk 1:27:50]} 20. Qb2 {[%clk 0:19:28]} Qc6 {[%clk 1:27:30]} 21. Kg1
{[%clk 0:18:01]} Rfe8 {[%clk 1:27:44]} 22. Rxe8+ {[%clk 0:14:20]} Rxe8
{[%clk 1:28:10]} 23. Rc1 {[%clk 0:08:15]} Bd7 {[%clk 1:24:13]} 24. Rd1
{[%clk 0:03:07]} Qb5 {[%clk 1:24:23]} 25. Qd4 {[%clk 0:02:25]} Bc6
{[%clk 1:24:31]} 26. Qf6 {[%clk 0:01:37]} Qe5 {[%clk 1:23:35]} 27. Qxe5
{[%clk 0:01:24]} Rxe5 {[%clk 1:24:02]} 0-1

[Event "WCO 2016"]
[Site "?"]
[Date "2016.09.13"]
[Round "11"]
[Board "5"]
[WhiteID "15200477"]
[White "Mentile Lishen"]
[BlackID "10100903"]
[Black "Caxita Esperanca"]
[Result "1/2-1/2"]
[BlackElo "1871"]
[WhiteElo "1480"]
[LiveChessVersion "1.4.8"]

1. e4 {[%clk 1:30:47]} e5 {[%clk 1:30:53]} 2. Nf3 {[%clk 1:30:35]} d6
{[%clk 1:31:16]} 3. d4 {[%clk 1:28:31]} exd4 {[%clk 1:31:33]} 4. Nxd4
{[%clk 1:28:50]} Nf6 {[%clk 1:31:55]} 5. Nc3 {[%clk 1:28:20]} Be7
{[%clk 1:32:14]} 6. Bd3 {[%clk 1:24:33]} O-O {[%clk 1:32:08]} 7. O-O
{[%clk 1:24:55]} Nbd7 {[%clk 1:32:16]} 8. Nf5 {[%clk 1:20:50]} Re8
{[%clk 1:28:44]} 9. Nxe7+ {[%clk 1:19:32]} Qxe7 {[%clk 1:28:42]} 10. Re1
{[%clk 1:16:06]} c6 {[%clk 1:23:48]} 11. Qf3 {[%clk 1:11:13]} Ne5
{[%clk 1:17:02]} 12. Qe2 {[%clk 1:07:32]} h6 {[%clk 1:14:09]} 13. h3
{[%clk 1:07:32]} Be6 {[%clk 1:12:09]} 14. f4 {[%clk 1:02:20]} Nxd3
{[%clk 1:11:24]} 15. cxd3 {[%clk 1:02:05]} Qc7 {[%clk 1:10:51]} 16. f5
{[%clk 0:58:07]} Bxf5 {[%clk 1:09:24]} 17. Qf2 {[%clk 0:51:37]} Bg6
{[%clk 1:05:55]} 18. Bxh6 {[%clk 0:49:53]} Re6 {[%clk 1:05:45]} 19. Bf4
{[%clk 0:45:40]} Rae8 {[%clk 1:05:28]} 20. Bh2 {[%clk 0:32:42]} a6
{[%clk 1:02:57]} 21. Ne2 {[%clk 0:25:59]} Nd7 {[%clk 1:01:07]} 22. Rf1
{[%clk 0:17:39]} Nc5 {[%clk 1:00:25]} 23. Nf4 {[%clk 0:13:12]} Rf6
{[%clk 0:59:57]} 24. Qd2 {[%clk 0:10:33]} Qb6 {[%clk 0:59:27]} 25. Kh1
{[%clk 0:10:35]} Qd8 {[%clk 0:55:08]} 26. Nxg6 {[%clk 0:10:06]} Rxg6
{[%clk 0:54:56]} 27. Rf3 {[%clk 0:09:27]} d5 {[%clk 0:49:48]} 28. exd5
{[%clk 0:08:58]} Qxd5 {[%clk 0:49:30]} 29. b3 {[%clk 0:08:03]} Rge6
{[%clk 0:45:01]} 30. Raf1 {[%clk 0:04:31]} Re2 {[%clk 0:39:58]} 31. Qf4
{[%clk 0:03:09]} Nxd3 {[%clk 0:37:12]} 32. Qxf7+ {[%clk 0:02:37]} Qxf7
{[%clk 0:37:29]} 33. Rxf7 {[%clk 0:03:05]} Rxa2 {[%clk 0:33:24]} 34. Rxb7
{[%clk 0:01:33]} Ree2 {[%clk 0:33:37]} 35. Bg1 {[%clk 0:01:17]} Rxg2
{[%clk 0:28:32]} 36. Rbf7 {[%clk 0:00:51]} Ne5 {[%clk 0:24:20]} 37. R7f2
{[%clk 0:00:55]} Rgxf2 {[%clk 0:23:42]} 38. Rxf2 {[%clk 0:00:52]} Ra3
{[%clk 0:23:05]} 39. Re2 {[%clk 0:00:37]} Nf3 {[%clk 0:21:51]} 40. Re3
{[%clk 0:31:06]} Nd2 {[%clk 0:51:03]} 41. b4 {[%clk 0:28:41]} Ra4
{[%clk 0:49:38]} 42. Rd3 {[%clk 0:26:21]} Ne4 {[%clk 0:49:19]} 43. Rd4
{[%clk 0:22:03]} Nf6 {[%clk 0:47:30]} 44. Rc4 {[%clk 0:20:45]} a5
{[%clk 0:47:03]} 45. Rxc6 {[%clk 0:19:45]} axb4 {[%clk 0:47:00]} 46. Rb6
{[%clk 0:19:20]} Nd5 {[%clk 0:45:10]} 47. Rb5 {[%clk 0:18:28]} Nf4
{[%clk 0:43:32]} 48. h4 {[%clk 0:10:56]} Ra3 {[%clk 0:42:10]} 49. Rxb4
{[%clk 0:10:14]} Rh3+ {[%clk 0:42:16]} 50. Bh2 {[%clk 0:10:36]} 1/2-1/2

[Event "WCO 2016"]
[Site "?"]
[Date "2016.09.13"]
[Round "11"]
[Board "6"]
[WhiteID "10100768"]
[White "Domingos Maria M"]
[BlackID "15200493"]
[Black "Shipindo Rauha"]
[Result "1-0"]
[BlackElo "1621"]
[WhiteElo "1689"]
[LiveChessVersion "1.4.8"]

1. e4 {[%clk 1:30:57]} e5 {[%clk 1:30:51]} 2. Nf3 {[%clk 1:31:15]} d6
{[%clk 1:29:23]} 3. Bc4 {[%clk 1:30:19]} Bg4 {[%clk 1:29:25]} 4. d3
{[%clk 1:28:31]} Nf6 {[%clk 1:28:44]} 5. Be3 {[%clk 1:27:37]} Be7
{[%clk 1:28:46]} 6. Nbd2 {[%clk 1:27:59]} a6 {[%clk 1:28:42]} 7. h3
{[%clk 1:27:55]} Be6 {[%clk 1:28:44]} 8. c3 {[%clk 1:27:49]} O-O {[%clk 1:28:25]}
9. Bxe6 {[%clk 1:28:08]} fxe6 {[%clk 1:28:46]} 10. Ng5 {[%clk 1:28:18]} Qd7
{[%clk 1:26:43]} 11. Qb3 {[%clk 1:28:22]} d5 {[%clk 1:19:32]} 12. Qxb7
{[%clk 1:23:55]} Nc6 {[%clk 1:19:43]} 13. Qb3 {[%clk 1:23:59]} h6
{[%clk 1:18:08]} 14. Ngf3 {[%clk 1:14:25]} Rfb8 {[%clk 1:15:53]} 15. Qa4
{[%clk 1:11:10]} Rxb2 {[%clk 1:14:02]} 16. O-O {[%clk 1:05:28]} a5
{[%clk 1:04:45]} 17. Nb3 {[%clk 0:59:03]} Rc2 {[%clk 0:57:40]} 18. Nc5
{[%clk 0:56:10]} Bxc5 {[%clk 0:51:54]} 19. Qxc2 {[%clk 0:56:29]} Bxe3
{[%clk 0:52:17]} 20. fxe3 {[%clk 0:56:51]} dxe4 {[%clk 0:49:23]} 21. dxe4
{[%clk 0:56:44]} Qe7 {[%clk 0:47:36]} 22. Rad1 {[%clk 0:56:10]} Qc5
{[%clk 0:47:09]} 23. Rfe1 {[%clk 0:56:12]} Rb8 {[%clk 0:40:40]} 24. Kh2
{[%clk 0:49:03]} Kh7 {[%clk 0:35:44]} 25. Nd2 {[%clk 0:44:22]} Na7
{[%clk 0:29:40]} 26. Nb3 {[%clk 0:42:54]} Qc4 {[%clk 0:27:53]} 27. Nxa5
{[%clk 0:41:09]} Qxe4 {[%clk 0:28:10]} 28. Qxe4+ {[%clk 0:40:59]} Nxe4
{[%clk 0:28:34]} 29. Rd7 {[%clk 0:41:12]} Nxc3 {[%clk 0:27:11]} 30. Rxc7
{[%clk 0:40:48]} Nab5 {[%clk 0:27:31]} 31. Rc5 {[%clk 0:40:00]} Nxa2
{[%clk 0:24:17]} 32. Rb1 {[%clk 0:40:02]} Rf8 {[%clk 0:15:47]} 33. Rbxb5
{[%clk 0:40:20]} Re8 {[%clk 0:13:06]} 34. Rb2 {[%clk 0:37:41]} Kg6
{[%clk 0:12:01]} 35. Rxa2 {[%clk 0:37:59]} Kf5 {[%clk 0:11:37]} 36. Nc6
{[%clk 0:36:41]} Rc8 {[%clk 0:11:16]} 37. Ne7+ {[%clk 0:36:14]} 1-0

[Event "WCO 2016"]
[Site "?"]
[Date "2016.09.13"]
[Round "11"]
[Board "7"]
[WhiteID "15200485"]
[White "Nepando Jolly"]
[BlackID "10100920"]
[Black "Joao Delfina"]
[Result "0-1"]
[BlackElo "1659"]
[WhiteElo "1517"]
[LiveChessVersion "1.4.8"]

1. e4 {[%clk 1:29:54]} e6 {[%clk 1:30:53]} 2. Nf3 {[%clk 1:29:27]} d5
{[%clk 1:31:20]} 3. exd5 {[%clk 1:28:21]} exd5 {[%clk 1:31:47]} 4. d4
{[%clk 1:27:44]} Bd6 {[%clk 1:32:01]} 5. c4 {[%clk 1:20:14]} dxc4
{[%clk 1:23:28]} 6. Bxc4 {[%clk 1:20:39]} Bg4 {[%clk 1:22:59]} 7. O-O
{[%clk 1:19:10]} Ne7 {[%clk 1:22:52]} 8. Qb3 {[%clk 1:18:50]} f6 {[%clk 1:04:26]}
9. Bf7+ {[%clk 1:13:13]} Kf8 {[%clk 1:00:01]} 10. Bc4 {[%clk 1:03:21]} b6
{[%clk 0:56:08]} 11. d5 {[%clk 1:02:28]} Nd7 {[%clk 0:54:27]} 12. Nd4
{[%clk 1:01:44]} Nc5 {[%clk 0:42:32]} 13. Qe3 {[%clk 0:57:53]} Be5
{[%clk 0:40:12]} 14. Nc3 {[%clk 0:45:19]} Nf5 {[%clk 0:34:35]} 15. Nxf5
{[%clk 0:43:59]} Bxf5 {[%clk 0:35:03]} 16. b4 {[%clk 0:43:09]} Ne4
{[%clk 0:29:42]} 17. Bb2 {[%clk 0:41:02]} Nxc3 {[%clk 0:29:16]} 18. Bxc3
{[%clk 0:41:23]} Bxc3 {[%clk 0:29:35]} 19. Qxc3 {[%clk 0:41:36]} Qd6
{[%clk 0:29:40]} 20. Rfe1 {[%clk 0:29:19]} Kf7 {[%clk 0:29:06]} 21. Rac1
{[%clk 0:25:37]} Rhe8 {[%clk 0:28:48]} 22. Bb3 {[%clk 0:22:56]} Rxe1+
{[%clk 0:28:14]} 23. Rxe1 {[%clk 0:23:13]} Re8 {[%clk 0:28:21]} 24. Qxc7+
{[%clk 0:15:06]} Qxc7 {[%clk 0:23:11]} 25. d6+ {[%clk 0:13:01]} Kg6
{[%clk 0:23:39]} 0-1

[Event "WCO 2016"]
[Site "?"]
[Date "2016.09.13"]
[Round "11"]
[Board "9"]
[WhiteID "20500459"]
[White "Msukwa Tupokiwe "]
[BlackID "10000313"]
[Black "Kigeni Grace"]
[Result "0-1"]
[BlackElo "1632"]
[WhiteElo "1232"]
[LiveChessVersion "1.4.8"]

1. d4 {[%clk 1:30:56]} d5 {[%clk 1:30:31]} 2. c4 {[%clk 1:31:21]} c6
{[%clk 1:30:52]} 3. e3 {[%clk 1:31:29]} Nf6 {[%clk 1:31:14]} 4. a3
{[%clk 1:31:25]} e6 {[%clk 1:31:24]} 5. Nc3 {[%clk 1:30:45]} Be7 {[%clk 1:31:21]}
6. Nf3 {[%clk 1:30:50]} Nbd7 {[%clk 1:31:41]} 7. Be2 {[%clk 1:26:00]} O-O
{[%clk 1:31:49]} 8. O-O {[%clk 1:24:39]} dxc4 {[%clk 1:21:25]} 9. Bxc4
{[%clk 1:22:51]} b5 {[%clk 1:21:22]} 10. Ba2 {[%clk 1:22:56]} a6 {[%clk 1:20:41]}
11. Bd2 {[%clk 1:14:47]} Bb7 {[%clk 1:17:09]} 12. h3 {[%clk 1:12:55]} c5
{[%clk 1:17:04]} 13. dxc5 {[%clk 1:08:51]} Nxc5 {[%clk 1:17:21]} 14. Nh2
{[%clk 1:04:25]} Rc8 {[%clk 1:09:29]} 15. Bc1 {[%clk 0:54:14]} Qc7
{[%clk 1:08:08]} 16. Qe2 {[%clk 0:51:12]} Rfd8 {[%clk 1:05:31]} 17. b4
{[%clk 0:47:30]} Nce4 {[%clk 0:53:11]} 18. Nxe4 {[%clk 0:45:40]} Nxe4
{[%clk 0:50:53]} 19. Rd1 {[%clk 0:45:11]} Rxd1+ {[%clk 0:48:08]} 20. Qxd1 Bf6 21.
Rb1 {[%clk 0:38:57]} Nc3 {[%clk 0:48:21]} 0-1

[Event "WCO 2016"]
[Site "?"]
[Date "2016.09.13"]
[Round "11"]
[Board "10"]
[WhiteID "10000429"]
[White "Angolikin Goretti"]
[BlackID "16400100"]
[Black "Mpinganjira Ellen"]
[Result "1-0"]
[BlackElo "1372"]
[WhiteElo "1613"]
[LiveChessVersion "1.4.8"]

1. e4 {[%clk 1:30:56]} e6 {[%clk 1:30:56]} 2. d4 {[%clk 1:31:00]} d5
{[%clk 1:31:20]} 3. e5 {[%clk 1:30:59]} c5 {[%clk 1:29:43]} 4. Nf3
{[%clk 1:30:58]} cxd4 {[%clk 1:27:08]} 5. Nxd4 {[%clk 1:30:38]} Bc5
{[%clk 1:25:56]} 6. c3 {[%clk 1:24:07]} Ne7 {[%clk 1:24:04]} 7. Bd3
{[%clk 1:22:59]} Qb6 {[%clk 1:19:48]} 8. O-O {[%clk 1:07:27]} Nec6
{[%clk 1:16:02]} 9. Nf3 {[%clk 1:05:49]} O-O {[%clk 1:15:17]} 10. Qe2
{[%clk 0:40:11]} Nd7 {[%clk 1:14:50]} 11. Nbd2 {[%clk 0:37:20]} f6
{[%clk 1:11:28]} 12. exf6 {[%clk 0:32:20]} Nxf6 {[%clk 1:11:43]} 13. b4
{[%clk 0:32:31]} Be7 {[%clk 1:09:54]} 14. Ne5 {[%clk 0:31:57]} Nxe5
{[%clk 1:05:35]} 15. Qxe5 {[%clk 0:25:33]} Bd6 {[%clk 1:05:46]} 16. Qe2
{[%clk 0:21:35]} Qc7 {[%clk 1:05:54]} 17. h3 {[%clk 0:20:22]} Qxc3
{[%clk 1:05:25]} 18. Rb1 {[%clk 0:20:22]} Bxb4 {[%clk 1:02:32]} 19. Nf3
{[%clk 0:20:33]} Ba3 {[%clk 0:54:52]} 20. Rb3 {[%clk 0:20:21]} Qc7 21. Bxa3 Re8
{[%clk 0:50:36]} 22. Rc1 {[%clk 0:17:24]} Qb8 {[%clk 0:48:54]} 23. Bb2
{[%clk 0:17:06]} b6 {[%clk 0:47:56]} 24. Be5 {[%clk 0:15:51]} Qb7 25. Rc7
{[%clk 0:15:02]} Qb8 {[%clk 0:44:37]} 1-0

[Event "WCO 2016"]
[Site "?"]
[Date "2016.09.13"]
[Round "11"]
[Board "11"]
[WhiteID "16400186"]
[White "Gondwe Vitumbiko"]
[BlackID "10000836"]
[Black "Kabengano Joyce"]
[Result "1-0"]
[BlackElo "1559"]
[WhiteElo "1407"]
[LiveChessVersion "1.4.8"]

1. d4 {[%clk 1:30:56]} Nf6 {[%clk 1:30:42]} 2. c4 {[%clk 1:30:39]} e6
{[%clk 1:31:02]} 3. Nc3 {[%clk 1:30:53]} Bb4 {[%clk 1:31:16]} 4. Bd2
{[%clk 1:31:21]} d5 {[%clk 1:29:15]} 5. Qa4+ {[%clk 1:31:19]} Nc6
{[%clk 1:29:18]} 6. c5 {[%clk 1:29:41]} O-O {[%clk 1:28:08]} 7. e3
{[%clk 1:29:39]} Bd7 {[%clk 1:28:07]} 8. Qc2 {[%clk 1:27:33]} b6 {[%clk 1:27:19]}
9. a3 {[%clk 1:27:31]} Bxc3 10. Bxc3 Ne4 {[%clk 1:19:56]} 11. Bd3
{[%clk 1:22:43]} f5 {[%clk 1:18:40]} 12. b4 {[%clk 1:19:11]} a6 {[%clk 1:17:46]}
13. Nf3 {[%clk 1:16:02]} Be8 {[%clk 1:08:05]} 14. O-O {[%clk 1:11:48]} b5
{[%clk 1:04:23]} 15. Rae1 {[%clk 1:06:00]} Bh5 {[%clk 1:03:56]} 16. Be2
{[%clk 1:05:49]} Rf6 {[%clk 0:59:21]} 17. Ne5 {[%clk 1:01:36]} Nxe5
{[%clk 0:57:59]} 18. dxe5 {[%clk 1:01:36]} Rh6 {[%clk 0:54:42]} 19. Bd2
{[%clk 0:55:39]} Bxe2 {[%clk 0:54:55]} 20. Rxe2 {[%clk 0:56:07]} Rxh2
{[%clk 0:55:06]} 21. Kxh2 {[%clk 0:47:10]} Qh4+ {[%clk 0:54:49]} 22. Kg1
{[%clk 0:47:30]} Qh5 {[%clk 0:54:43]} 23. Bc1 {[%clk 0:45:12]} a5
{[%clk 0:53:30]} 24. Rd1 {[%clk 0:43:56]} axb4 {[%clk 0:53:03]} 25. axb4
{[%clk 0:43:49]} Ra4 {[%clk 0:52:37]} 26. Rd4 {[%clk 0:43:11]} c6
{[%clk 0:52:39]} 27. Bb2 {[%clk 0:40:10]} Ra2 {[%clk 0:51:26]} 28. Re1
{[%clk 0:35:45]} Ra8 {[%clk 0:46:36]} 29. Qe2 {[%clk 0:34:52]} Qg6
{[%clk 0:46:37]} 30. Qf3 {[%clk 0:33:45]} Ra2 {[%clk 0:44:19]} 31. Re2
{[%clk 0:31:26]} h6 {[%clk 0:39:13]} 32. Qh3 {[%clk 0:30:31]} Ng5
{[%clk 0:38:52]} 33. Qg3 {[%clk 0:30:07]} f4 {[%clk 0:36:25]} 34. exf4
{[%clk 0:28:15]} Qb1+ {[%clk 0:36:38]} 35. Kh2 {[%clk 0:28:36]} Rxb2
{[%clk 0:34:28]} 36. Rxb2 {[%clk 0:28:24]} Qxb2 {[%clk 0:34:41]} 37. fxg5
{[%clk 0:25:35]} Qxd4 {[%clk 0:27:22]} 38. gxh6 {[%clk 0:25:42]} g5
{[%clk 0:25:53]} 39. Qxg5+ {[%clk 0:25:57]} Kf7 {[%clk 0:26:04]} 40. Qf6+
{[%clk 0:25:49]} Ke8 {[%clk 0:26:07]} 41. Qxe6+ {[%clk 0:55:55]} Kd8
{[%clk 0:55:03]} 42. Qf6+ {[%clk 0:54:43]} Kc7 {[%clk 0:54:46]} 43. h7
{[%clk 0:54:31]} Qxb4 {[%clk 0:54:38]} 44. h8=Q {[%clk 0:54:29]} Qxc5
{[%clk 0:54:48]} 45. Qhd8+ {[%clk 0:53:32]} Kb7 {[%clk 0:55:02]} 46. Qfe7+
{[%clk 0:53:42]} Qxe7 {[%clk 0:55:17]} 47. Qxe7+ {[%clk 0:54:08]} Kb6
{[%clk 0:55:40]} 48. Kg3 {[%clk 0:52:59]} d4 {[%clk 0:55:40]} 49. Kf4
{[%clk 0:52:50]} c5 {[%clk 0:55:38]} 50. Qd6+ {[%clk 0:52:44]} 1-0